Những vấn đề chung về đổi mới giáo dục trung học cơ sở Môn hóa học

محفوظ في:
التفاصيل البيبلوغرافية
المؤلف الرئيسي: Nguyễn Hải Châu (biên soạn)
مؤلفون آخرون: Phạm Đức Quang, Vũ Anh Tuấn
التنسيق: كتاب
منشور في: H. Giáo dục 2007
الموضوعات:
الوسوم: إضافة وسم
لا توجد وسوم, كن أول من يضع وسما على هذه التسجيلة!
Thư viện lưu trữ: Trung tâm Học liệu Lê Vũ Hùng, Trường Đại học Đồng Tháp
LEADER 01022nam a22002778a 4500
001 00020552
005 20171026081025.0
008 110518s2007 ||||||Viesd
041 0 # |a Vie 
082 1 4 |a 540.71  |b NH556V 
100 0 # |a Nguyễn Hải Châu  |e biên soạn 
245 0 0 |a Những vấn đề chung về đổi mới giáo dục trung học cơ sở  |c Nguyễn Hải Châu chủ biên. Nguyễn Cương, Vũ Anh Tuấn  |b Môn hóa học 
260 # # |a H.  |b Giáo dục  |c 2007 
300 # # |a 192 tr.  |c 24 cm. 
650 # 4 |a Giáo dục 
650 # 4 |a Trung học cơ cở 
653 # # |a Hóa học 
700 0 # |a Phạm Đức Quang 
700 0 # |a Vũ Anh Tuấn 
852 # # |b Kho giáo trình  |j KGT.0032587 
852 # # |b Kho mượn  |j KGT.0032587 
852 # # |b Kho đọc  |j KD.0005880 
852 # # |j KD.0005880  |j KGT.0032587  |j KGT.0055648 
910 0 # |a Đức  |d 18/05/2011 
980 # # |a Trung tâm Học liệu Lê Vũ Hùng, Trường Đại học Đồng Tháp